Átalakult lázadás magyar egyetemisták és főiskolások politikai szocializációjának változása /

Magyarországon a rendszerváltás után a társadalom olyan társadalmilélektani válságba került, ami a politikai intézményrendszert is áthatotta. Ebben az új folyamatban egyéni szinten tovább élnek a korábbi társadalmi és politikai tapasztalatok, viszont időről-időre érzékelhetővé válnak a generációk kö...

Teljes leírás

Elmentve itt :
Bibliográfiai részletek
Szerző: Csőzik Rita
Dokumentumtípus: Könyv része
Megjelent: 2012
Sorozat:Racionálisan lázadó hallgatók 1
Racionálisan lázadó hallgatók I : apátia – radikalizmus – posztmaterializmus a magyar egyetemisták és főiskolások körében 1
Kulcsszavak:Ifjúságpolitika, Ifjúságszociológia, Ifjúságkutatás
Tárgyszavak:
Online Access:http://acta.bibl.u-szeged.hu/65678
LEADER 02281naa a2200229 i 4500
001 acta65678
005 20220113155002.0
008 200227s2012 hu o 0|| hun d
020 |a 978-963-9573-91-8 
040 |a SZTE Egyetemi Kiadványok Repozitórium  |b hun 
041 |a hun 
100 1 |a Csőzik Rita 
245 1 0 |a Átalakult lázadás   |h [elektronikus dokumentum] :  |b magyar egyetemisták és főiskolások politikai szocializációjának változása /  |c  Csőzik Rita 
260 |c 2012 
300 |a 45-64 
490 0 |a Racionálisan lázadó hallgatók  |v 1 
490 0 |a Racionálisan lázadó hallgatók I : apátia – radikalizmus – posztmaterializmus a magyar egyetemisták és főiskolások körében  |v 1 
520 3 |a Magyarországon a rendszerváltás után a társadalom olyan társadalmilélektani válságba került, ami a politikai intézményrendszert is áthatotta. Ebben az új folyamatban egyéni szinten tovább élnek a korábbi társadalmi és politikai tapasztalatok, viszont időről-időre érzékelhetővé válnak a generációk közötti különbségek. Az egyetemisták és főiskolások nemzedékével kapcsolatban azonban nem beszélhetünk hagyományos értelemben vett generációról. A mai fi atalok lázadása racionális lázadásnak tekinthető, amely nélkülöz bármiféle kollektív, egységes megmozdulást, így az individualista érdekek és életstratégiák előtérbe kerülésével, a társadalom adta lehetőségek teljes kihasználásával egy új nemzedék áll előttünk. A fi atalok viszonya a mai politikai élethez rendkívül ambivalens, és nem annyira kiábrándultságról, mint inkább érdektelenségről beszélhetünk, amely együtt járhat az ismeretek hiányával is. Lázadásuk nem konfrontatív, nem áll szemben a hatalommal, hanem egyfajta kivonulás. A kutatás eredményei hozzájárulhatnak ahhoz, hogy feltérképezhetővé váljon a XXI. századi magyar egyetemi ifjúság politikához fűződő viszonyrendszere, illetve az ezzel kapcsolatos reprezentációi. 
650 4 |a Társadalomtudományok 
650 4 |a Szociológia 
695 |a Ifjúságpolitika, Ifjúságszociológia, Ifjúságkutatás 
856 4 0 |u http://acta.bibl.u-szeged.hu/65678/1/racionaliasn_lazado_hallgatok_045-064.pdf  |z Dokumentum-elérés